West Midlands Football Clubs in the Top 6 Tiers - Statistics

General Stats
  • This quiz has been taken 81 times
  • The average score is 7 of 8
Answer Stats
Answer % Correct
Aston Villa
98%
Birmingham City
98%
West Bromwich Albion
98%
Wolverhampton Wanderers
98%
Walsall
92%
Coventry City
83%
Solihull Moors
67%
Rushall Olympic
30%
No matching quizzes found
Score Distribution
Percent of People with Each Score
Percentile by Number Answered
Your Score History
You have not taken this quiz